<?xml version="1.0" encoding="UTF-8"?>
<record
    xmlns:xsi="http://www.w3.org/2001/XMLSchema-instance"
    xsi:schemaLocation="http://www.loc.gov/MARC21/slim http://www.loc.gov/standards/marcxml/schema/MARC21slim.xsd"
    xmlns="http://www.loc.gov/MARC21/slim">

  <leader>01531nam a22001937a 4500</leader>
  <controlfield tag="005">20210414114107.0</controlfield>
  <controlfield tag="008">120801t        xxu||||| |||| 00| 0 eng d</controlfield>
  <datafield tag="020" ind1=" " ind2=" ">
    <subfield code="a">082646761 X</subfield>
  </datafield>
  <datafield tag="050" ind1=" " ind2=" ">
    <subfield code="a">QA76.F87</subfield>
  </datafield>
  <datafield tag="100" ind1=" " ind2=" ">
    <subfield code="a">French C.S.</subfield>
  </datafield>
  <datafield tag="245" ind1=" " ind2=" ">
    <subfield code="a">Computer science. /</subfield>
    <subfield code="c">C.S. French.</subfield>
  </datafield>
  <datafield tag="250" ind1=" " ind2=" ">
    <subfield code="a">5th ed.</subfield>
  </datafield>
  <datafield tag="260" ind1=" " ind2=" ">
    <subfield code="a">London :</subfield>
    <subfield code="b">BookPower,</subfield>
    <subfield code="c">1996.</subfield>
  </datafield>
  <datafield tag="300" ind1=" " ind2=" ">
    <subfield code="a">vii, 506 p. : </subfield>
    <subfield code="b">ill. ;</subfield>
    <subfield code="c">28 cm.</subfield>
  </datafield>
  <datafield tag="500" ind1=" " ind2=" ">
    <subfield code="a">includes index.</subfield>
  </datafield>
  <datafield tag="505" ind1=" " ind2=" ">
    <subfield code="a">Contents: Introduction to computers and computer science -- Data representation and transmission -- Number bases -- An Overview of hardware and software -- Document processing -- Main storage -- Backing storage -- Workstations and terminals -- Output devices -- Data capture and data entry -- Human capture interfaces -- GUIs and multimedia -- Computer systems and architecture -- Data communication and networks -- Operations and data -- Program structures -- Data structures -- Program design and specification -- Computer file concepts -- File organization and access -- File processing -- Spreadsheets -- Boolean algebra -- Machine logic -- Formal notations -- Computer arithmetic -- Machine logic -- Low-level languages -- The Input-output systems -- Operating systems -- Software types and programming languages -- Translator -- Database architecture -- Storage, retrieval and 4GLs -- Development frameworks -- Development methods -- Implementation and post-implementation -- Project management -- Applications areas.</subfield>
  </datafield>
  <datafield tag="650" ind1=" " ind2=" ">
    <subfield code="a">Electronic data processing</subfield>
    <subfield code="x">Computers</subfield>
  </datafield>
  <datafield tag="942" ind1=" " ind2=" ">
    <subfield code="2">lcc</subfield>
    <subfield code="c">BK</subfield>
  </datafield>
  <datafield tag="999" ind1=" " ind2=" ">
    <subfield code="c">1903</subfield>
    <subfield code="d">9403</subfield>
  </datafield>
  <datafield tag="952" ind1=" " ind2=" ">
    <subfield code="0">0</subfield>
    <subfield code="1">0</subfield>
    <subfield code="2">lcc</subfield>
    <subfield code="4">0</subfield>
    <subfield code="7">0</subfield>
    <subfield code="a">WIUC-1</subfield>
    <subfield code="b">WIUC-1</subfield>
    <subfield code="c">GEN</subfield>
    <subfield code="d">2012-08-01</subfield>
    <subfield code="l">0</subfield>
    <subfield code="o">QA76.F87</subfield>
    <subfield code="p">6003/12</subfield>
    <subfield code="r">2012-08-01 00:00:00</subfield>
    <subfield code="t">1</subfield>
    <subfield code="w">2012-08-01</subfield>
    <subfield code="y">BK</subfield>
  </datafield>
  <datafield tag="952" ind1=" " ind2=" ">
    <subfield code="0">0</subfield>
    <subfield code="1">0</subfield>
    <subfield code="2">lcc</subfield>
    <subfield code="4">0</subfield>
    <subfield code="7">0</subfield>
    <subfield code="a">WIUC-1</subfield>
    <subfield code="b">WIUC-1</subfield>
    <subfield code="c">GEN</subfield>
    <subfield code="d">2012-08-01</subfield>
    <subfield code="l">0</subfield>
    <subfield code="o">QA76.F871</subfield>
    <subfield code="p">6004/12</subfield>
    <subfield code="r">2012-08-01 00:00:00</subfield>
    <subfield code="t">2</subfield>
    <subfield code="w">2012-08-01</subfield>
    <subfield code="y">BK</subfield>
  </datafield>
  <datafield tag="952" ind1=" " ind2=" ">
    <subfield code="0">0</subfield>
    <subfield code="1">0</subfield>
    <subfield code="2">lcc</subfield>
    <subfield code="4">0</subfield>
    <subfield code="7">0</subfield>
    <subfield code="a">WIUC-1</subfield>
    <subfield code="b">WIUC-1</subfield>
    <subfield code="c">GEN</subfield>
    <subfield code="d">2012-08-01</subfield>
    <subfield code="l">0</subfield>
    <subfield code="o">QA76.F872</subfield>
    <subfield code="p">6005/12</subfield>
    <subfield code="r">2012-08-01 00:00:00</subfield>
    <subfield code="t">3</subfield>
    <subfield code="w">2012-08-01</subfield>
    <subfield code="y">BK</subfield>
  </datafield>
  <datafield tag="952" ind1=" " ind2=" ">
    <subfield code="0">0</subfield>
    <subfield code="1">0</subfield>
    <subfield code="2">lcc</subfield>
    <subfield code="4">0</subfield>
    <subfield code="7">0</subfield>
    <subfield code="a">WIUC-1</subfield>
    <subfield code="b">WIUC-1</subfield>
    <subfield code="c">GEN</subfield>
    <subfield code="d">2012-08-01</subfield>
    <subfield code="l">0</subfield>
    <subfield code="o">QA76.F873</subfield>
    <subfield code="p">6006/12</subfield>
    <subfield code="r">2012-08-01 00:00:00</subfield>
    <subfield code="t">4</subfield>
    <subfield code="w">2012-08-01</subfield>
    <subfield code="y">BK</subfield>
  </datafield>
  <datafield tag="952" ind1=" " ind2=" ">
    <subfield code="0">0</subfield>
    <subfield code="1">0</subfield>
    <subfield code="2">lcc</subfield>
    <subfield code="4">0</subfield>
    <subfield code="7">0</subfield>
    <subfield code="a">WIUC-1</subfield>
    <subfield code="b">WIUC-1</subfield>
    <subfield code="c">GEN</subfield>
    <subfield code="d">2012-08-01</subfield>
    <subfield code="l">0</subfield>
    <subfield code="o">QA76.F874</subfield>
    <subfield code="p">6007/12</subfield>
    <subfield code="r">2012-08-01 00:00:00</subfield>
    <subfield code="t">5</subfield>
    <subfield code="w">2012-08-01</subfield>
    <subfield code="y">BK</subfield>
  </datafield>
  <datafield tag="952" ind1=" " ind2=" ">
    <subfield code="0">0</subfield>
    <subfield code="1">0</subfield>
    <subfield code="2">lcc</subfield>
    <subfield code="4">0</subfield>
    <subfield code="7">0</subfield>
    <subfield code="a">WIUC-1</subfield>
    <subfield code="b">WIUC-1</subfield>
    <subfield code="c">GEN</subfield>
    <subfield code="d">2012-08-01</subfield>
    <subfield code="l">0</subfield>
    <subfield code="o">QA76.F875`</subfield>
    <subfield code="p">6008/12</subfield>
    <subfield code="r">2012-08-01 00:00:00</subfield>
    <subfield code="t">6</subfield>
    <subfield code="w">2012-08-01</subfield>
    <subfield code="y">BK</subfield>
  </datafield>
  <datafield tag="952" ind1=" " ind2=" ">
    <subfield code="0">0</subfield>
    <subfield code="1">0</subfield>
    <subfield code="2">lcc</subfield>
    <subfield code="4">0</subfield>
    <subfield code="7">0</subfield>
    <subfield code="a">WIUC-1</subfield>
    <subfield code="b">WIUC-1</subfield>
    <subfield code="c">GEN</subfield>
    <subfield code="d">2012-08-01</subfield>
    <subfield code="l">0</subfield>
    <subfield code="o">QA76.F876</subfield>
    <subfield code="p">6009/12</subfield>
    <subfield code="r">2012-08-01 00:00:00</subfield>
    <subfield code="t">7</subfield>
    <subfield code="w">2012-08-01</subfield>
    <subfield code="y">BK</subfield>
  </datafield>
  <datafield tag="952" ind1=" " ind2=" ">
    <subfield code="0">0</subfield>
    <subfield code="1">0</subfield>
    <subfield code="2">lcc</subfield>
    <subfield code="4">0</subfield>
    <subfield code="7">0</subfield>
    <subfield code="a">WIUC-1</subfield>
    <subfield code="b">WIUC-1</subfield>
    <subfield code="c">GEN</subfield>
    <subfield code="d">2012-08-01</subfield>
    <subfield code="l">0</subfield>
    <subfield code="o">QA76.F877</subfield>
    <subfield code="p">6010/12</subfield>
    <subfield code="r">2012-08-01 00:00:00</subfield>
    <subfield code="t">8</subfield>
    <subfield code="w">2012-08-01</subfield>
    <subfield code="y">BK</subfield>
  </datafield>
  <datafield tag="952" ind1=" " ind2=" ">
    <subfield code="0">0</subfield>
    <subfield code="1">0</subfield>
    <subfield code="2">lcc</subfield>
    <subfield code="4">0</subfield>
    <subfield code="7">0</subfield>
    <subfield code="a">WIUC-1</subfield>
    <subfield code="b">WIUC-1</subfield>
    <subfield code="c">GEN</subfield>
    <subfield code="d">2012-08-01</subfield>
    <subfield code="l">0</subfield>
    <subfield code="o">QA76.F878</subfield>
    <subfield code="p">6011/12</subfield>
    <subfield code="r">2012-08-01 00:00:00</subfield>
    <subfield code="t">9</subfield>
    <subfield code="w">2012-08-01</subfield>
    <subfield code="y">BK</subfield>
  </datafield>
  <datafield tag="952" ind1=" " ind2=" ">
    <subfield code="0">0</subfield>
    <subfield code="1">0</subfield>
    <subfield code="2">lcc</subfield>
    <subfield code="4">0</subfield>
    <subfield code="7">0</subfield>
    <subfield code="a">WIUC-1</subfield>
    <subfield code="b">WIUC-1</subfield>
    <subfield code="c">GEN</subfield>
    <subfield code="d">2012-08-01</subfield>
    <subfield code="l">0</subfield>
    <subfield code="o">QA76.F879</subfield>
    <subfield code="p">6012/12</subfield>
    <subfield code="r">2012-08-01 00:00:00</subfield>
    <subfield code="t">10</subfield>
    <subfield code="w">2012-08-01</subfield>
    <subfield code="y">BK</subfield>
  </datafield>
</record>
